=LDR 00000nam 2200000 4500 =001 INLIS000000000024304 =005 20130612122910 =008 ***********************************Ind** =035 ##$$0010-061300000024304 =041 ##$$a Ind =082 ##$$a 2X2 =090 ##$$a 2X2, BUg m =100 ##$$a Al- Bugha, Misthafa =245 ##$$a Menyelami Makna 40 hadist rosulullah SWA, Musthafa Al Bugha =260 ##$$a 2003 $b Jakarta =300 ##$$a 429 hlm, 24 cm =650 ##$$a Hadist =850 ##$$a NBPNMAT =990 ##$$a DW00021003 =990 ##$$a 2033368 =990 ##$$a 2033369 =990 ##$$a 2033370